00685 2200229 4500001002100000005001500021008000500036035002400041040001200065082001800077084002200095100003400117245009300151260005300244300004500297500003100342650002200373850001200395990001600407990001600423990001600439YOGYA00000000009953020140823124115 ind 0010-101300000000411 aYOPDYOG 2[22]a959.813 aNUS 959.813 Bun M aBUNGARAN ANTONIUS SIMANJUNTAK aMelayu pesisir dan Batak pegunungan (Orientasi nilai budaya)/cBungaran Antonius Saragih aJakarta :bYayasan Pustaka Obor Indonesia,c2010 axvi, 186 hlm.:bilus .;c24 cm. (3 eks.) aBibliografi : hlm. 174-175 aKebudayaan Melayu aYOPDYOG a0952/B.2013 a0953/B.2013 a0954/B.2013